[Event "Stockholm Hotel N GM 4th"]
[Site "Upplands Vasby"]
[Date "2025.06.09"]
[Round "2"]
[White "Trost, Edvin"]
[Black "Domalchuk Jonasson, Aleksandr"]
[Result "1/2-1/2"]
[WhiteElo "2486"]
[BlackElo "2350"]
[PlyCount "122"]
[EventDate "2025.06.09"]
[EventType "tourn"]
[EventRounds "9"]
[EventCountry "SWE"]
[EventCategory "8"]
[SourceTitle "CB26_2025"]
[SourceDate "2025.06.25"]
[SourceVersion "1"]
[SourceVersionDate "2025.06.25"]
[SourceQuality "1"]

1. d4 d5 2. c4 dxc4 3. Nf3 Nf6 4. e3 e6 5. Bxc4 c5 6. 0-0 a6 7. Qe2 b5 8. Bd3 Bb7 9. Rd1 Nbd7 10. dxc5 Bxc5 11. a4 b4 12. Nbd2 0-0 13. Nc4 Qc7 14. e4 Ng4 15. Rf1 Rfc8 16. h3 Ngf6 17. Re1 e5 18. b3 Re8 19. Bb2 h6 20. Rac1 Rac8 21. Ba1 Re6 22. Kh1 Rce8 23. Rc2 Nh5 24. g3 Nhf6 25. Rec1 Qd8 26. Kh2 Qa8 27. Nfd2 a5 28. Ne3 Bd4 29. Nf5 Bb6 30. Bc4 Rc6 31. Bxf7+ Kxf7 32. Rxc6 Bxc6 33. Qc4+ Re6 34. Nxg7 Kxg7 35. Qxe6 Bxe4 36. Nc4 Qd5 37. Qe7+ Kg6 38. Nxb6 Qd2 39. Rf1 Nxb6 40. Bxe5 Nbd5 41. Qc5 Qe2 42. Rg1 Qf3 43. g4 Nf4 44. Bxf4 Qxf4+ 45. Rg3 Nd5 46. Qd4 Nc3 47. Qb6+ Kg7 48. Qa7+ Kg6 49. f3 Qd2+ 50. Rg2 Qf4+ 51. Rg3 Qd2+ 52. Kh1 Qd1+ 53. Kh2 Bxf3 54. Qb6+ Kg7 55. Qc7+ Kg6 56. Qb6+ Kf7 57. Qa7+ Ke8 58. Qb8+ Kd7 59. Qa7+ Ke8 60. Qb8+ Kd7 61. Qa7+ Ke8 1/2-1/2

[Event "Stockholm Hotel N GM 4th"]
[Site "Upplands Vasby"]
[Date "2025.06.09"]
[Round "1"]
[White "Urkedal, Frode Olav Olsen"]
[Black "Trost, Edvin"]
[Result "1-0"]
[WhiteElo "2562"]
[BlackElo "2486"]
[PlyCount "125"]
[EventDate "2025.06.09"]
[EventType "tourn"]
[EventRounds "9"]
[EventCountry "SWE"]
[EventCategory "8"]
[SourceTitle "CB26_2025"]
[SourceDate "2025.06.25"]
[SourceVersion "1"]
[SourceVersionDate "2025.06.25"]
[SourceQuality "1"]

1. e4 c6 2. d4 d5 3. e5 Bf5 4. Nf3 e6 5. Be2 c5 6. c3 Nc6 7. 0-0 Bg4 8. Nbd2 cxd4 9. cxd4 Nge7 10. h3 Bh5 11. Nb3 Nc8 12. Be3 Nb6 13. Nfd2 Bg6 14. Rc1 Nd7 15. f4 Be7 16. g4 f6 17. exf6 Nxf6 18. Bf3 0-0 19. Nc5 Bxc5 20. Rxc5 Qb6 21. Qb3 Kh8 22. a3 Ne4 23. Bxe4 Bxe4 24. Qxb6 axb6 25. Rc3 Bg6 26. Rb3 b5 27. Rc1 Ra4 28. Nf3 h6 29. Rxb5 Be4 30. Rxb7 Na5 31. Ra7 Bxf3 32. Kf2 Be4 33. Rc5 Rb8 34. Bc1 Rxd4 35. Raxa5 Rb3 36. Rc3 Rxc3 37. bxc3 Rd3 38. Be3 Rxc3 39. Bd4 Rf3+ 40. Ke1 Rxf4 41. Ra7 Kg8 42. Bxg7 Rf7 43. Rxf7 Kxf7 44. Bxh6 Bg2 45. h4 Bf3 46. g5 d4 47. Kf2 Bd1 48. Ke1 Bf3 49. a4 e5 50. a5 e4 51. Kf2 Bh5 52. a6 e3+ 53. Kg3 d3 54. g6+ Bxg6 55. Bxe3 Be4 56. Kf4 Bc6 57. Kg5 Ke6 58. h5 Ba8 59. h6 Kf7 60. Kf5 Bg2 61. a7 Kg8 62. Ke5 Kh7 63. Kd6 1-0

[Event "Stockholm blitz op"]
[Site "Stockholm"]
[Date "2025.05.04"]
[Round "11"]
[White "Trost, Edvin"]
[Black "Berovski, Krum"]
[Result "1-0"]
[WhiteElo "2438"]
[BlackElo "2203"]
[PlyCount "25"]
[EventDate "2025.05.04"]
[EventType "swiss (blitz)"]
[EventRounds "13"]
[EventCountry "SWE"]
[SourceTitle "CB19_2025"]
[SourceDate "2025.05.07"]
[SourceVersion "1"]
[SourceVersionDate "2025.05.07"]
[SourceQuality "1"]

1. d4 Nf6 2. c4 e6 3. Nc3 Bb4 4. f3 d5 5. a3 Bxc3+ 6. bxc3 c5 7. cxd5 Nxd5 8. dxc5 Qa5 9. e4 Qxc3+ 10. Bd2 Qe5 11. Ne2 Nf6 12. Bc3 Qxc5 13. Rc1 1-0

[Event "Stockholm blitz op"]
[Site "Stockholm"]
[Date "2025.05.04"]
[Round "12"]
[White "Trost, Edvin"]
[Black "Lissang, Christopher"]
[Result "1/2-1/2"]
[WhiteElo "2438"]
[BlackElo "2317"]
[PlyCount "107"]
[EventDate "2025.05.04"]
[EventType "swiss (blitz)"]
[EventRounds "13"]
[EventCountry "SWE"]
[SourceTitle "CB19_2025"]
[SourceDate "2025.05.07"]
[SourceVersion "1"]
[SourceVersionDate "2025.05.07"]
[SourceQuality "1"]

1. d4 f5 2. g3 Nf6 3. Bg2 e6 4. Nf3 d5 5. 0-0 Bd6 6. c4 c6 7. Nc3 0-0 8. c5 Bc7 9. b4 Nbd7 10. a4 Ne4 11. Bb2 Qf6 12. e3 a5 13. Qb3 axb4 14. Qxb4 Ba5 15. Qa3 Ndxc5 16. Nxd5 exd5 17. dxc5 Bc3 18. Bxc3 Qxc3 19. Rfc1 Qxa3 20. Rxa3 Ra5 21. Nd4 Rxc5 22. Rca1 Bd7 23. a5 Ra8 24. h4 Nd6 25. a6 b5 26. a7 Nc8 27. Ra6 Kf7 28. Nxc6 Bxc6 29. Rxc6 Rxc6 30. Bxd5+ Ke7 31. Bxc6 Rxa7 32. Rb1 Nd6 33. Bxb5 Rb7 34. Bd3 Rxb1+ 35. Bxb1 Kf6 36. Kf1 h6 37. Ke2 g5 38. hxg5+ hxg5 39. f4 gxf4 40. gxf4 Nf7 41. Ba2 Nh6 42. Kd3 Ng4 43. Kd4 Kg6 44. Bc4 Kf6 45. Ba6 Kg6 46. Bc8 Nf2 47. Kd5 Kf6 48. Bd7 Ng4 49. e4 Ne3+ 50. Kd4 Ng2 51. e5+ Ke7 52. Bxf5 Nxf4 53. e6 Nxe6+ 54. Bxe6 1/2-1/2

[Event "Karlsruhe Grenke op"]
[Site "Karlsruhe"]
[Date "2025.04.19"]
[Round "4"]
[White "Trost, Edvin"]
[Black "Cu, Ivan Travis"]
[Result "1-0"]
[WhiteElo "2481"]
[BlackElo "2286"]
[PlyCount "67"]
[EventDate "2025.04.17"]
[EventType "swiss"]
[EventRounds "9"]
[EventCountry "GER"]
[SourceTitle "CB17_2025"]
[SourceDate "2025.04.23"]
[SourceVersion "1"]
[SourceVersionDate "2025.04.23"]
[SourceQuality "1"]

1. e4 c5 2. Nf3 g6 3. c3 Bg7 4. d4 cxd4 5. cxd4 d5 6. e5 a6 7. Bd3 Nc6 8. h3 f6 9. 0-0 fxe5 10. dxe5 Nxe5 11. Nxe5 Bxe5 12. Nc3 Nf6 13. Bh6 Bb8 14. Bg7 Rg8 15. Bxf6 exf6 16. Re1+ Kf8 17. Bc4 Rg7 18. Nxd5 b5 19. Bb3 Bb7 20. Qf3 Bxd5 21. Bxd5 Raa7 22. Re6 Rgd7 23. Bc6 Rd3 24. Qe2 Kg7 25. Re8 Bh2+ 26. Kh1 Qd4 27. Re4 Rd2 28. Rxd4 Rxe2 29. Kxh2 Rxb2 30. f3 b4 31. Rad1 a5 32. R1d2 Rxd2 33. Rxd2 a4 34. Rb2 1-0

[Event "EU-ch 25th"]
[Site "Eforie Nord"]
[Date "2025.03.18"]
[Round "4"]
[White "Sargsyan, Shant"]
[Black "Trost, Edvin"]
[Result "1-0"]
[WhiteElo "2666"]
[BlackElo "2457"]
[PlyCount "65"]
[EventDate "2025.03.15"]
[EventType "swiss"]
[EventRounds "11"]
[EventCountry "ROU"]
[SourceTitle "CB13_2025"]
[SourceDate "2025.03.26"]
[SourceVersion "1"]
[SourceVersionDate "2025.03.26"]
[SourceQuality "1"]

1. e4 c5 2. Nf3 Nc6 3. Bb5 Nf6 4. Bxc6 dxc6 5. d3 Qc7 6. a4 e5 7. Na3 Be6 8. b3 Be7 9. 0-0 h6 10. Nc4 Nd7 11. Bb2 Bxc4 12. bxc4 0-0-0 13. a5 g5 14. Nd2 h5 15. Bc3 Kb8 16. Ra3 Nf8 17. Qa1 Ng6 18. Rb1 Ka8 19. Rab3 Rb8 20. Nf1 g4 21. Ne3 Bg5 22. Nf5 f6 23. Qa3 Ne7 24. Qxc5 Nxf5 25. exf5 Rhd8 26. d4 Qd7 27. dxe5 Qd1+ 28. Be1 Bc1 29. Kf1 Rd7 30. a6 Rbd8 31. axb7+ Kb8 32. Qxa7+ Kxa7 33. b8Q+ 1-0

[Event "Upplands Vasby Young Talents"]
[Site "Upplands Vasby"]
[Date "2025.02.21"]
[Round "9"]
[White "Seo, Jung Min"]
[Black "Trost, Edvin"]
[Result "1-0"]
[WhiteElo "2495"]
[BlackElo "2462"]
[PlyCount "103"]
[EventDate "2025.02.17"]
[EventType "tourn"]
[EventRounds "9"]
[EventCountry "SWE"]
[EventCategory "9"]
[SourceTitle "CB09_2025"]
[SourceDate "2025.02.27"]
[SourceVersion "1"]
[SourceVersionDate "2025.02.27"]
[SourceQuality "1"]

1. e4 c5 2. Nf3 Nc6 3. d4 cxd4 4. Nxd4 Nf6 5. Nc3 d6 6. Bg5 e6 7. Qd2 a6 8. 0-0-0 Bd7 9. Kb1 Nxd4 10. Qxd4 Be7 11. f4 Bc6 12. f5 exf5 13. exf5 0-0 14. Bd3 Re8 15. Rhe1 Qd7 16. g4 Nd5 17. Bxe7 Nxc3+ 18. bxc3 Rxe7 19. f6 Rxe1 20. Rxe1 gxf6 21. Rf1 Qe7 22. Rxf6 Re8 23. Rxd6 Qg5 24. Qf2 Qe5 25. Qf6 Qxh2 26. Kb2 Qe5 27. Bxh7+ Kf8 28. Qh6+ Qg7 29. Qh4 Qe5 30. Rd4 Qb5+ 31. Rb4 Qe5 32. Qh6+ Ke7 33. Qh4+ Kf8 34. Bd3 Re6 35. Qd8+ Kg7 36. Qd4 Kf8 37. Rb6 Bg2 38. Rb4 Bc6 39. a3 Re7 40. Qf2 Qe3 41. Qh4 Qe5 42. g5 Re6 43. Bc4 Rg6 44. Qh7 Rg7 45. Qh8+ Ke7 46. g6 fxg6 47. Bd3 Qf6 48. Rd4 Qf8 49. Qh2 Qf6 50. Qc7+ Kf8 51. Qb8+ Ke7 52. Qd8+ 1-0

[Event "Upplands Vasby Young Talents"]
[Site "Upplands Vasby"]
[Date "2025.02.18"]
[Round "4"]
[White "Kazakouski, Valery"]
[Black "Trost, Edvin"]
[Result "1/2-1/2"]
[WhiteElo "2538"]
[BlackElo "2462"]
[PlyCount "60"]
[EventDate "2025.02.17"]
[EventType "tourn"]
[EventRounds "9"]
[EventCountry "SWE"]
[EventCategory "9"]
[SourceTitle "CB09_2025"]
[SourceDate "2025.02.27"]
[SourceVersion "1"]
[SourceVersionDate "2025.02.27"]
[SourceQuality "1"]

1. e4 c5 2. Nf3 Nc6 3. Nc3 Nf6 4. Bb5 Nd4 5. a4 a6 6. Bd3 Nxf3+ 7. Qxf3 d6 8. Bc4 g6 9. d3 Bg7 10. 0-0 0-0 11. a5 Nd7 12. Qg3 Ne5 13. Bg5 h6 14. Bd2 Kh7 15. Qh4 Bd7 16. Bg5 f6 17. Bd2 g5 18. Qg3 f5 19. exf5 Nxc4 20. dxc4 Bxf5 21. h4 gxh4 22. Qxh4 e6 23. Qxd8 Raxd8 24. Rac1 Be5 25. Rfe1 Rd7 26. Nd1 Rg8 27. Bc3 Bf4 28. Ne3 Be4 29. Rcd1 h5 30. g3 Bf3 1/2-1/2

[Event "Upplands Vasby Young Talents"]
[Site "Upplands Vasby"]
[Date "2025.02.17"]
[Round "2"]
[White "Miezis, Normunds"]
[Black "Trost, Edvin"]
[Result "1-0"]
[WhiteElo "2397"]
[BlackElo "2462"]
[PlyCount "95"]
[EventDate "2025.02.17"]
[EventType "tourn"]
[EventRounds "9"]
[EventCountry "SWE"]
[EventCategory "9"]
[SourceTitle "CB09_2025"]
[SourceDate "2025.02.27"]
[SourceVersion "1"]
[SourceVersionDate "2025.02.27"]
[SourceQuality "1"]

1. c4 e6 2. e4 d5 3. exd5 exd5 4. d4 Nf6 5. Nc3 Nc6 6. cxd5 Nxd5 7. Bb5 Be7 8. Nf3 0-0 9. 0-0 Bg4 10. h3 Bh5 11. Re1 Bb4 12. Bxc6 bxc6 13. Qd3 c5 14. Ne5 Re8 15. Bd2 cxd4 16. Nc6 Qh4 17. Nxd5 Bg6 18. Qf3 Bxd2 19. Nce7+ Kh8 20. Nxc7 Bxe1 21. Rxe1 d3 22. Nxe8 d2 23. Nxg6+ hxg6 24. Rd1 Rxe8 25. Rxd2 Qe7 26. Qf4 Kg8 27. Kh2 a5 28. b3 Qc5 29. Rd7 Rf8 30. h4 Qb5 31. Re7 Qc5 32. Re5 Qd6 33. g3 a4 34. Re8 Qc5 35. Rxf8+ Kxf8 36. bxa4 f6 37. Qe3 Qb4 38. Qa7 g5 39. hxg5 fxg5 40. a5 g4 41. a6 Qd6 42. Qa8+ Kf7 43. Qb7+ Kg6 44. a7 Kh5 45. a8Q Qh6 46. Kg2 Qf6 47. Qh8+ Kg6 48. Qe4+ 1-0

[Event "Vaxjo op"]
[Site "Vaxjo"]
[Date "2025.02.09"]
[Round "7"]
[White "Trost, Edvin"]
[Black "Falkevall, Axel"]
[Result "1-0"]
[WhiteElo "2462"]
[BlackElo "2401"]
[PlyCount "189"]
[EventDate "2025.02.07"]
[EventType "swiss"]
[EventRounds "8"]
[EventCountry "SWE"]
[SourceTitle "CB07_2025"]
[SourceDate "2025.02.12"]
[SourceVersion "1"]
[SourceVersionDate "2025.02.12"]
[SourceQuality "1"]

1. e4 c5 2. Nf3 Nc6 3. Bb5 e5 4. 0-0 Bd6 5. c3 a6 6. Ba4 b5 7. Bb3 c4 8. Bc2 Nf6 9. b3 0-0 10. Qe2 Bc7 11. bxc4 bxc4 12. Qxc4 a5 13. Qe2 d5 14. exd5 e4 15. Bxe4 Nxe4 16. Qxe4 Re8 17. Qh4 Qxd5 18. c4 Qd3 19. Nc3 Ba6 20. Bb2 Ne5 21. Nd5 Nxf3+ 22. gxf3 Be5 23. Bxe5 Rxe5 24. Qg3 Qd4 25. Nc7 Ra7 26. Rae1 f6 27. Rxe5 fxe5 28. Nxa6 Rxa6 29. Qh3 Rg6+ 30. Kh1 Qxc4 31. Rb1 Rf6 32. Rb8+ Rf8 33. Rxf8+ Kxf8 34. Qf5+ Kg8 35. Qb1 Qe2 36. Qb8+ Kf7 37. Qc7+ Ke6 38. Qc6+ Ke7 39. Qc7+ Ke6 40. Kg2 Qxd2 41. Qxg7 h6 42. Qg8+ Kf6 43. Qc4 Qg5+ 44. Kf1 Qd2 45. a4 Qd1+ 46. Kg2 Qd2 47. Qc6+ Ke7 48. Qe4 Qg5+ 49. Qg4 Qd2 50. h4 Kf6 51. Qe4 Qd7 52. Kg3 Qd1 53. f4 Qg1+ 54. Kh3 Qf1+ 55. Kg3 Qg1+ 56. Kh3 Qf1+ 57. Kg4 Qd1+ 58. f3 exf4 59. Qxf4+ Kg7 60. Qe5+ Kg6 61. h5+ Kf7 62. Qf5+ Ke7 63. Qe4+ Kf6 64. Qf5+ Ke7 65. Qxa5 Qg1+ 66. Kf4 Qd4+ 67. Kg3 Qg1+ 68. Kf4 Qd4+ 69. Kf5 Qd3+ 70. Kg4 Qd4+ 71. Kh3 Qe3 72. Qf5 Qg1 73. Qe4+ Kd8 74. Qh4+ Ke8 75. Qe4+ Kd8 76. Qd5+ Ke7 77. Qe5+ Kd7 78. Qf5+ Kc7 79. a5 Qh1+ 80. Kg4 Qg2+ 81. Kf4 Qd2+ 82. Ke4 Qb4+ 83. Kd5 Qxa5+ 84. Ke6 Qb6+ 85. Kf7 Qb3+ 86. Kg7 Qe3 87. f4 Qg3+ 88. Kxh6 Qb3 89. Qe5+ Kd7 90. f5 Qf3 91. f6 Qc6 92. Qf5+ Kd8 93. Kh7 Qc7+ 94. f7 Qe7 95. Kg8 1-0

[Event "Vaxjo op"]
[Site "Vaxjo"]
[Date "2025.02.08"]
[Round "5"]
[White "Ostlund, Joar"]
[Black "Trost, Edvin"]
[Result "1/2-1/2"]
[WhiteElo "2312"]
[BlackElo "2462"]
[PlyCount "54"]
[EventDate "2025.02.07"]
[EventType "swiss"]
[EventRounds "8"]
[EventCountry "SWE"]
[SourceTitle "CB07_2025"]
[SourceDate "2025.02.12"]
[SourceVersion "1"]
[SourceVersionDate "2025.02.12"]
[SourceQuality "1"]

1. d4 Nf6 2. c4 e6 3. Nf3 d5 4. Nc3 Bb4 5. Bg5 h6 6. Bxf6 Qxf6 7. e3 0-0 8. Qb3 c5 9. cxd5 exd5 10. dxc5 Bxc3+ 11. Qxc3 Qxc3+ 12. bxc3 Nd7 13. Rd1 Nf6 14. Nd4 Bd7 15. Nb3 Rfc8 16. Bd3 Ba4 17. f3 Bxb3 18. axb3 Rxc5 19. Kd2 Rac8 20. Rc1 h5 21. Rc2 Kf8 22. Ra1 a6 23. Ra4 Ke7 24. Rc1 R8c7 25. Rd4 Ra5 26. Bb1 Rc6 27. Rc2 Rb5 1/2-1/2

[Event "Vaxjo op"]
[Site "Vaxjo"]
[Date "2025.02.07"]
[Round "4"]
[White "Trost, Edvin"]
[Black "Gajic, Mladen"]
[Result "1-0"]
[WhiteElo "2462"]
[BlackElo "2251"]
[PlyCount "61"]
[EventDate "2025.02.07"]
[EventType "swiss"]
[EventRounds "8"]
[EventCountry "SWE"]
[SourceTitle "CB07_2025"]
[SourceDate "2025.02.12"]
[SourceVersion "1"]
[SourceVersionDate "2025.02.12"]
[SourceQuality "1"]

1. e4 g6 2. d4 Bg7 3. Nc3 d6 4. f4 a6 5. Nf3 b5 6. Bd3 Nd7 7. a4 b4 8. Nd5 a5 9. 0-0 Bb7 10. Ne3 e5 11. fxe5 dxe5 12. dxe5 Bxe5 13. Bc4 f6 14. Ng4 Qe7 15. Nfxe5 Nxe5 16. Nxe5 Qxe5 17. Kh1 Rd8 18. Bd3 Ne7 19. Bf4 Qc5 20. Qe2 0-0 21. Bh6 Rfe8 22. Qg4 Bc8 23. Qg3 f5 24. Bg5 fxe4 25. Bxe4 Rd6 26. Be3 Qh5 27. Bf4 Re6 28. Bf3 Qc5 29. Rad1 Nf5 30. Qg5 Ne3 31. Qxc5 1-0

[Event "Rilton Cup 52nd"]
[Site "Stockholm"]
[Date "2025.01.02"]
[Round "6"]
[White "Fiskaaen, Martin Holten"]
[Black "Trost, Edvin"]
[Result "0-1"]
[WhiteElo "2311"]
[BlackElo "2443"]
[PlyCount "126"]
[EventDate "2024.12.27"]
[EventType "swiss"]
[EventRounds "9"]
[EventCountry "SWE"]
[SourceTitle "CB02_2025"]
[SourceDate "2025.01.08"]
[SourceVersion "1"]
[SourceVersionDate "2025.01.08"]
[SourceQuality "1"]

1. d4 d5 2. c4 e6 3. Nf3 Bb4+ 4. Bd2 a5 5. a3 Bxd2+ 6. Qxd2 dxc4 7. a4 Nf6 8. e3 Ne4 9. Qc2 Nd6 10. Nbd2 Nc6 11. Nxc4 Nb4 12. Qb3 b6 13. Nxd6+ cxd6 14. Be2 Bb7 15. Bb5+ Kf8 16. Be2 Rc8 17. 0-0 Rc2 18. Bd1 Bd5 19. Qa3 Rc7 20. Nd2 g6 21. b3 Kg7 22. Rc1 Rxc1 23. Qxc1 Qa8 24. f3 Bb7 25. Be2 Rc8 26. Qa1 Nc2 27. Qb2 Nxe3 28. Rc1 Rxc1+ 29. Qxc1 Qd8 30. Nc4 Nf5 31. Qc3 Qc7 32. Qb2 h5 33. Bd3 Ne7 34. Qd2 d5 35. Na3 Nc6 36. Nc2 Qe7 37. Bb5 Na7 38. Be2 Qc7 39. f4 Nc8 40. g3 Ne7 41. Bd3 Qc8 42. b4 axb4 43. Qxb4 Qc7 44. Kg2 Ba6 45. Ne1 Bxd3 46. Nxd3 Qc2+ 47. Nf2 Nf5 48. Qe1 Qc8 49. g4 hxg4 50. Nxg4 Qc2+ 51. Nf2 Qxa4 52. Qe5+ Kh7 53. Qc7 Kg7 54. Qe5+ Kh7 55. Qc7 Qe8 56. Ng4 Qe7 57. Qe5 Qd6 58. Qf6 Qe7 59. Qe5 Qd6 60. Qf6 Kg8 61. Kf3 b5 62. h4 Qa3+ 63. Kf2 Qg3+ 0-1

[Event "Rilton Cup 52nd"]
[Site "Stockholm"]
[Date "2024.12.31"]
[Round "5"]
[White "Trost, Edvin"]
[Black "Mattenberger, Matthias"]
[Result "1/2-1/2"]
[WhiteElo "2443"]
[BlackElo "2267"]
[PlyCount "94"]
[EventDate "2024.12.27"]
[EventType "swiss"]
[EventRounds "9"]
[EventCountry "SWE"]
[SourceTitle "CB02_2025"]
[SourceDate "2025.01.08"]
[SourceVersion "1"]
[SourceVersionDate "2025.01.08"]
[SourceQuality "1"]

1. e4 c5 2. Nf3 d6 3. Nc3 Nf6 4. Be2 e5 5. Bc4 Be7 6. d3 h6 7. Nd5 Be6 8. Nxf6+ Bxf6 9. Bxe6 fxe6 10. c3 Nc6 11. Be3 Qe7 12. a3 d5 13. Qa4 0-0 14. 0-0 a6 15. b4 d4 16. cxd4 exd4 17. Bd2 Be5 18. Nxe5 Nxe5 19. bxc5 Nxd3 20. c6 bxc6 21. Qxd4 Rad8 22. Qc3 Nxf2 23. Be3 Ng4 24. Rxf8+ Rxf8 25. Bc5 Qc7 26. e5 Rf5 27. Bd6 Qa7+ 28. Bc5 Qb8 29. Bd6 Qb5 30. Re1 Qd5 31. h3 Nf2 32. Qe3 Nd1 33. Qe2 Qd4+ 34. Kh2 Qf4+ 35. Kg1 Qd4+ 36. Kh2 Nf2 37. Qe3 Qh4 38. Kg1 Nd3 39. Rb1 Nf4 40. Kh1 Nd5 41. Qd3 Qf2 42. Qxa6 Nc3 43. Qc8+ Kh7 44. Rb8 Qf1+ 45. Kh2 Qf4+ 46. Kh1 Qf1+ 47. Kh2 Qf4+ 1/2-1/2

[Event "EU-Cup 39th"]
[Site "Vrnjacka Banja"]
[Date "2024.10.26"]
[Round "7.13"]
[White "Vassallo Barroche, Mauricio"]
[Black "Trost, Edvin"]
[Result "1/2-1/2"]
[WhiteElo "2342"]
[BlackElo "2433"]
[PlyCount "64"]
[EventDate "2024.10.20"]
[EventType "team-swiss"]
[EventRounds "7"]
[EventCountry "SRB"]
[SourceTitle "CB45_2024"]
[Source "ChessBase"]
[SourceDate "2024.11.06"]
[SourceVersion "1"]
[SourceVersionDate "2024.11.06"]
[SourceQuality "1"]
[WhiteTeam "Andreu Paterna"]
[BlackTeam "Rockaden"]
[WhiteTeamCountry "ESP"]
[BlackTeamCountry "SWE"]

1. c4 Nf6 2. Nf3 g6 3. g3 Bg7 4. Bg2 0-0 5. 0-0 d6 6. d4 c5 7. dxc5 dxc5 8. Qxd8 Rxd8 9. Ne5 Ne8 10. Nd3 Nd6 11. Nc3 Na6 12. Bg5 Kf8 13. Rad1 Bf5 14. Nb5 Be4 15. Nxd6 Bxg2 16. Kxg2 Rxd6 17. Rb1 b6 18. a3 Rc8 19. Rfc1 Nc7 20. Bf4 Rd7 21. Ne5 Bxe5 22. Bxe5 Ne6 23. Rd1 Rcd8 24. Rxd7 Rxd7 25. Bc3 f6 26. f3 Kf7 27. Kf2 Rd6 28. b3 h5 29. Ke1 Nd4 30. Kf2 Ne6 31. Ke1 Nd4 32. Kf2 Ne6 1/2-1/2

[Event "EU-Cup 39th"]
[Site "Vrnjacka Banja"]
[Date "2024.10.25"]
[Round "6.3"]
[White "Trost, Edvin"]
[Black "Colbow, Collin"]
[Result "1/2-1/2"]
[WhiteElo "2433"]
[BlackElo "2438"]
[PlyCount "116"]
[EventDate "2024.10.20"]
[EventType "team-swiss"]
[EventRounds "7"]
[EventCountry "SRB"]
[SourceTitle "CB44_2024"]
[Source "Chessbase"]
[SourceDate "2024.10.30"]
[SourceVersion "1"]
[SourceVersionDate "2024.10.30"]
[SourceQuality "1"]
[WhiteTeam "Rockaden"]
[BlackTeam "Werder Bremen"]
[WhiteTeamCountry "SWE"]
[BlackTeamCountry "GER"]

1. e4 c5 2. Nf3 d6 3. d4 cxd4 4. Nxd4 Nf6 5. Nc3 Nc6 6. f3 e5 7. Nb3 Be7 8. Be3 Be6 9. Qe2 0-0 10. 0-0-0 Qc8 11. a3 Rb8 12. Kb1 b5 13. Nd5 Bd8 14. Nxf6+ Bxf6 15. Rxd6 Qc7 16. Qd2 Nd4 17. Bxd4 Qxd6 18. Bxa7 Qxd2 19. Nxd2 Rb7 20. Bc5 Rd8 21. Bd3 Be7 22. Bxe7 Rxe7 23. b3 h5 24. Kb2 h4 25. Ra1 Rb7 26. a4 bxa4 27. Rxa4 Kf8 28. Ka3 Ke7 29. Ra5 f6 30. b4 Rbd7 31. Kb2 Rd4 32. Ra7+ R8d7 33. Rxd7+ Kxd7 34. Kc3 Rd6 35. b5 Kc7 36. Nc4 Bxc4 37. Bxc4 Kb6 38. Kb4 Rd2 39. Bb3 Rxg2 40. c4 Rxh2 41. c5+ Kb7 42. Bd5+ Kb8 43. Kb3 Rh1 44. Kb2 h3 45. b6 Rb1+ 46. Kxb1 h2 47. c6 h1Q+ 48. Kb2 Qg2+ 49. Kb3 Qxf3+ 50. Kb4 Qh3 51. Kc5 Qa3+ 52. Kb5 Qd6 53. Ka6 Kc8 54. c7 Qa3+ 55. Kb5 Qd6 56. Ka6 Qa3+ 57. Kb5 Qe7 58. Ka6 Qa3+ 1/2-1/2

[Event "EU-Cup 39th"]
[Site "Vrnjacka Banja"]
[Date "2024.10.24"]
[Round "5.3"]
[White "Trost, Edvin"]
[Black "Roberson, Peter T"]
[Result "1-0"]
[WhiteElo "2433"]
[BlackElo "2425"]
[PlyCount "63"]
[EventDate "2024.10.20"]
[EventType "team-swiss"]
[EventRounds "7"]
[EventCountry "SRB"]
[SourceTitle "CB44_2024"]
[Source "Chessbase"]
[SourceDate "2024.10.30"]
[SourceVersion "1"]
[SourceVersionDate "2024.10.30"]
[SourceQuality "1"]
[WhiteTeam "Rockaden"]
[BlackTeam "The Sharks"]
[WhiteTeamCountry "SWE"]
[BlackTeamCountry "ENG"]

1. e4 e6 2. d4 d5 3. Nc3 Nf6 4. e5 Nfd7 5. f4 c5 6. Nf3 Nc6 7. Be3 cxd4 8. Nxd4 Qb6 9. Qd2 Qxb2 10. Rb1 Qa3 11. Bb5 Nxd4 12. Bxd4 a6 13. Rb3 Qe7 14. Ba4 Qh4+ 15. Bf2 Qd8 16. Bb6 Qh4+ 17. g3 Qh3 18. Rf1 g6 19. Ne4 Be7 20. Nc5 Bxc5 21. Bxc5 Qf5 22. Re3 f6 23. Qg2 Qh5 24. exf6 Kf7 25. Bxd7 Bxd7 26. Re5 Qh6 27. Be7 Rac8 28. Rf2 Rc4 29. Rfe2 Rhc8 30. h4 R8c6 31. Qh2 Rb6 32. h5 1-0

[Event "EU-Cup 39th"]
[Site "Vrnjacka Banja"]
[Date "2024.10.23"]
[Round "4.3"]
[White "Sokolovsky, Yahli"]
[Black "Trost, Edvin"]
[Result "0-1"]
[WhiteElo "2519"]
[BlackElo "2433"]
[PlyCount "110"]
[EventDate "2024.10.20"]
[EventType "team-swiss"]
[EventRounds "7"]
[EventCountry "SRB"]
[SourceTitle "CB44_2024"]
[Source "Chessbase"]
[SourceDate "2024.10.30"]
[SourceVersion "1"]
[SourceVersionDate "2024.10.30"]
[SourceQuality "1"]
[WhiteTeam "Rishon Le Zion"]
[BlackTeam "Rockaden"]
[WhiteTeamCountry "ISR"]
[BlackTeamCountry "SWE"]

1. e4 c5 2. Nf3 Nc6 3. Bb5 Nf6 4. e5 Nd5 5. Nc3 Nc7 6. Bxc6 dxc6 7. 0-0 Bf5 8. Nh4 e6 9. Nxf5 exf5 10. d3 Be7 11. Qf3 Qd7 12. Re1 0-0 13. Nd1 g6 14. Bh6 Rfe8 15. Ne3 Nd5 16. Nc4 Qe6 17. Qg3 b5 18. Na5 Nb6 19. Nb3 a5 20. h4 Red8 21. Nd2 c4 22. dxc4 Rd4 23. Qe3 c5 24. cxb5 Rxh4 25. Nf3 f4 26. Bxf4 Nd5 27. Qc1 Rxf4 28. c4 Rxf3 29. gxf3 Nc7 30. Qf4 Qc8 31. Rad1 Ne6 32. Qg4 Bg5 33. Rd6 h5 34. Qe4 Kg7 35. Red1 Ra7 36. b6 Re7 37. Qc6 Qxc6 38. Rxc6 Bf4 39. Kg2 Bxe5 40. Re1 Kf6 41. a3 Rb7 42. b4 cxb4 43. axb4 axb4 44. c5 b3 45. Re3 b2 46. Rb3 Ke7 47. Rxe6+ fxe6 48. c6 Rb8 49. f4 Bxf4 50. Rxb2 Bd6 51. Kh3 Rf8 52. Ra2 Rf3+ 53. Kh4 Kf6 54. c7 g5+ 55. Kxh5 Rf4 0-1

[Event "EU-Cup 39th"]
[Site "Vrnjacka Banja"]
[Date "2024.10.21"]
[Round "2.3"]
[White "Trost, Edvin"]
[Black "Cappelletto, Joshuaede"]
[Result "1/2-1/2"]
[WhiteElo "2433"]
[BlackElo "2329"]
[PlyCount "109"]
[EventDate "2024.10.20"]
[EventType "team-swiss"]
[EventRounds "7"]
[EventCountry "SRB"]
[SourceTitle "CB44_2024"]
[Source "Chessbase"]
[SourceDate "2024.10.30"]
[SourceVersion "1"]
[SourceVersionDate "2024.10.30"]
[SourceQuality "1"]
[WhiteTeam "Rockaden"]
[BlackTeam "Pedone Isolano"]
[WhiteTeamCountry "SWE"]
[BlackTeamCountry "ITA"]

1. e4 c5 2. Nf3 d6 3. d4 cxd4 4. Nxd4 Nf6 5. Nc3 a6 6. Nb3 g6 7. Be3 Bg7 8. f3 h5 9. Qd2 Nbd7 10. h3 b5 11. a4 b4 12. Ne2 a5 13. c3 0-0 14. cxb4 d5 15. Nxa5 dxe4 16. Nc6 Qe8 17. Nc3 Bb7 18. Bb5 exf3 19. gxf3 Rc8 20. Na5 Bxf3 21. 0-0 Ba8 22. Rxf6 Rxc3 23. Bxd7 Qb8 24. Rf4 Rxe3 25. Qxe3 Bh6 26. Raf1 e5 27. Bc6 Bxf4 28. Qc5 Rd8 29. Kg2 Rd2+ 30. Rf2 Qd8 31. Rxd2 Qxd2+ 32. Qf2 Qxb4 33. Bxa8 Qxa5 34. Bc6 Qb4 35. Qc2 Kg7 36. b3 Be3 37. Bd5 Qd4 38. Bf3 Qf4 39. Qe4 Qg5+ 40. Kf1 Qg1+ 41. Ke2 Bd4 42. Kd3 f5 43. Qb7+ Kh6 44. Kc4 Qc1+ 45. Kd5 Qc5+ 46. Ke6 e4 47. Be2 Qe5+ 48. Kd7 Qg7+ 49. Kc6 Qf6+ 50. Kb5 Qe5+ 51. Ka6 f4 52. Qc6 f3 53. Bf1 Qf5 54. a5 f2 55. Qc4 1/2-1/2